Erotismo e literatura /

Guardado en:
Bibliografiske detaljer
Hovedforfatter: Durigan, Jesús Antonio
Format: Ukendt
Sprog:Portuguese
Udgivet: Sao Paulo: Editora Ática, 1985
Serier:Serie Principios 7
Fag:
Tags: Tilføj Tag
Ingen Tags, Vær først til at tagge denne postø!

MARC

LEADER 000000000a22000000004500
001 001193
008 170626s1985 bl ||||| |||| 00| 0 por d
041 0 |a portugués 
082 |a 809.933  |b D962e 
100 1 |a Durigan, Jesús Antonio 
245 1 0 |a Erotismo e literatura /  |c Jesus Antonio Durigan 
260 |a Sao Paulo:   |b Editora Ática,   |c 1985 
300 |a 96 páginas 
490 1 |a Serie Principios  |v 7 
500 |a Número de inscripción 9479 (Colección George Yúdice) 
650 4 |a LITERATURA EROTICA 
942 |2 ddc  |c BK 
999 |c 2276  |d 2276